| 000 | 00516nam a2200181 a 4500 | ||
|---|---|---|---|
| 005 | 20230310063605.0 | ||
| 008 | 991125s1968 es 000 0 spa u | ||
| 035 | _aUPN01000050163 | ||
| 049 | _aCG | ||
| 050 | 4 |
_aPR6045 I48 _bQ88 |
|
| 100 | 1 |
_aWilson, Angus, _d1913-1991 _942768 |
|
| 245 | 1 | 0 |
_aQue me llamen tarde / _cAngus Wilson ; tr. Georgina Regas. |
| 260 |
_aBarcelona, Esp. : _bSeix Barral, _c1968. |
||
| 300 | _a324 p. | ||
| 440 | 0 | _aBiblioteca formentor | |
| 650 | 4 |
_aNovela inglesa _94471 |
|
| 905 | _aLibro | ||
| 999 |
_c50163 _d50163 |
||